Normal view
MARC view
- Chemistry, Analytic
Entry Topical Term
001 - CONTROL NUMBER
- control field: 100041
003 - CONTROL NUMBER IDENTIFIER
- control field: NUST
005 - DATE AND TIME OF LATEST TRANSACTION
- control field: 20221012143907.0
008 - FIXED-LENGTH DATA ELEMENTS
- fixed length control field: 221012|| aca||aabn | a|a d
040 ## - CATALOGING SOURCE
- Original cataloging agency: NUST
- Transcribing agency: NUST
150 ## - HEADING--TOPICAL TERM
- Topical term or geographic name entry element: Chemistry, Analytic
- General subdivision: Computer programs
670 ## - SOURCE DATA FOUND
- Source citation: Work cat.: (NUST)183685: Hartley, T. F. 100039, Computerized quality control :, 1987.
